01793nam a2200361 i 4500003000900000005001700009007000300026008004100029020001500070040003000085082002100115100003800136240003200174245007400206250002100280264005600301264001000357300002800367336002700395337003300422338002800455500006200483520052700545534005801072590002701130650003101157650003501188700003901223910001401262942001401276952012401290999001701414DO-SdBNP20240625152721.0ta240625s1998 sp 000 f spa d a8440685602 aDO-SdBNPbspacBNPHUerda 4a813.5bB812d2221 aBrady, Joan,d1939-932520eautor10aGod on a harley.lEspañol10aDios vuelve en una harley /cJoan Brady ; traducción, Rosa Arruti. anovena edición 1aBarcelona, España :bEdiciones B, grupo Z,c1998. 3c2000. a172 páginas ;c18 cm. 2rdacontentatextobtxt 2rdamediaasin mediaciónbn 2rdacarrieravolumenbnc aLa biblioteca posee la 2a. reimpresión de febrero 2000. aCon treinta y siete años y una fgura que no se ajusta a los cánones de belleza, Christine tiene pocas esperanzas de encontrar al hombre con quien compartir su futuro. Lo que no sabe es que Dios ha vuelto a la tierra para entregarle unas simples reglas de vida acordes con nuestro tiempo que harán de ella una mujer distinta y libre. Aunque vista de cuero y cabalgue en una moto, Christine descubre que la felicidad empieza y acaba en ella misma. La singular prosa de Joan Brady hará reír y llorar a los lectores. pTítulo original en inglés:tGod on a harleyc1995 aInventariado, 2024/ YL 4aNovela estadounidense9262 4aLiteratura estadounidense92631 aArruti, Rosa,etraducción932521 aYLockward 2ddccLBS1 00102ddc56708GRaBNPHUbBNPHUcCTd2017-10-06eDonación l0o813.5 B812dp2024-3731r2024-06-25w2024-06-25yLBS1 c56989d56989